Häufigste Nachnamen der Welt - Statistiken

Allgemein
  • Dieses Quiz wurde 179 mal gespielt
  • Das Durchschnittsergebnis liegt bei 41 aus 500
Antwortstatistiken
Antwort % Korrekt
Müller
84%
Smith
69%
Li
63%
Ma
63%
Le
61%
Mi
61%
Ha
55%
Schmidt
54%
I
50%
Mo
50%
Sin
47%
So
47%
John
46%
O
46%
Lee
44%
Ho
43%
Kim
42%
Lin
42%
Wen
42%
He
41%
Mei
41%
Ba
39%
Hu
39%
Lu
39%
Miller
39%
Wan
39%
Su
36%
Do
35%
Chen
33%
Di
33%
Ke
33%
Bi
31%
Chi
31%
Ji
31%
Lan
31%
Mai
31%
Mohammed
31%
Muhammed
31%
Wang
31%
Johnson
30%
Yi
30%
Chan
29%
Cho
29%
Ye
29%
Jackson
28%
Ri
28%
Wu
28%
Du
27%
Gu
27%
Nguyen
27%
Ni
27%
An
26%
Din
26%
Jin
26%
Yin
26%
Han
25%
Ali
24%
Ge
24%
Lal
24%
Yan
24%
Yu
24%
Brown
23%
Ling
22%
Pu
22%
Tu
22%
Fu
21%
Chang
20%
Dan
20%
Long
20%
Sun
20%
Yang
20%
Chu
19%
White
19%
Xu
19%
Fernandez
18%
Martin
18%
Phan
18%
Rodriguez
18%
Song
17%
Tan
17%
Vo
17%
Cheng
16%
Chong
16%
Fan
16%
Hernandez
16%
Kong
16%
Peter
16%
Ren
16%
Dong
15%
Singh
15%
Williams
15%
Yun
15%
Ding
14%
Gan
14%
Garcia
14%
Hong
14%
Jean
14%
Martinez
14%
Mohammad
14%
Muhammad
14%
Peng
14%
Ram
14%
Sanchez
14%
Shen
14%
Weng
14%
Xin
14%
Dang
13%
Kang
13%
Pan
13%
Qu
13%
Shi
13%
Vu
13%
You
13%
James
12%
Jones
12%
Mohamed
12%
Paul
12%
Taylor
12%
Wilson
12%
Zhan
12%
Deng
11%
Fang
11%
Feng
11%
Gonzalez
11%
Jing
11%
Xing
11%
Adam
10%
Anderson
10%
David
10%
Hua
10%
Lam
10%
Meng
10%
Nie
10%
Thomas
10%
Tong
10%
Torres
10%
Wei
10%
Zhang
10%
Ahmed
9%
Davis
9%
Ei
9%
Gomez
9%
Lopez
9%
Pang
9%
Qi
9%
Tang
9%
Gong
8%
Liu
8%
Ning
8%
Silva
8%
Yılmaz
8%
Das
7%
Fernandes
7%
Hao
7%
Ito
7%
Khan
7%
Mao
7%
Perez
7%
Qin
7%
Shu
7%
Suarez
7%
Zheng
7%
Zhu
7%
Alvarez
6%
Geng
6%
Ibrahim
6%
Lei
6%
Lian
6%
Mia
6%
Rodrigues
6%
Zhou
6%
Ahmad
5%
Costa
5%
Cruz
5%
da Silva
5%
Diaz
5%
Gao
5%
Harris
5%
Hassan
5%
Huang
5%
Ivanov
5%
Jia
5%
Pak
5%
Pal
5%
Ray
5%
Shang
5%
Tran
5%
Xia
5%
Abdullah
4%
dos Santos
4%
Gomes
4%
Hussein
4%
Liang
4%
Pereira
4%
Ramirez
4%
Ramos
4%
Sah
4%
Sato
4%
Simon
4%
Traore
4%
Allah
3%
Bai
3%
Cai
3%
Cao
3%
Castro
3%
Ceng
3%
Delgado
3%
Devi
3%
Dias
3%
Dominguez
3%
Ferreira
3%
Guan
3%
Islam
3%
Jiang
3%
Jimenez
3%
Karim
3%
Kobayashi
3%
Kumar
3%
Lai
3%
Leon
3%
Lima
3%
Lopes
3%
Mendes
3%
Mendez
3%
Moreno
3%
Mou
3%
Nuñez
3%
Ou
3%
Pei
3%
Pham
3%
Rai
3%
Raj
3%
Rosa
3%
Roy
3%
Ruiz
3%
Saad
3%
Saha
3%
Sahu
3%
Shao
3%
Sheng
3%
Suzuki
3%
Tanaka
3%
Tao
3%
Tian
3%
Xie
3%
Yao
3%
Yuan
3%
Yue
3%
Zhao
3%
Zhong
3%
Abdel
2%
Bah
2%
Bao
2%
Camara
2%
Dai
2%
Guiterrez
2%
Hasan
2%
Hussai
2%
Joseph
2%
Luo
2%
Martins
2%
Maung
2%
Munoz
2%
Oliveira
2%
Omar
2%
Ortega
2%
Ortiz
2%
Patel
2%
Rao
2%
Soares
2%
Takahashi
2%
Thompson
2%
Vazquez
2%
Vega
2%
Watanabe
2%
Yamamoto
2%
Abbas
1%
Acosta
1%
Aguilar
1%
Akter
1%
Alam
1%
Alves
1%
Amin
1%
Aung
1%
Bala
1%
Barry
1%
Bibi
1%
Bui
1%
Castillo
1%
Chand
1%
Chandra
1%
Chavez
1%
Coulibaly
1%
da Costa
1%
de Sousa
1%
Diallo
1%
Duarte
1%
Flores
1%
Guerrero
1%
Guo
1%
Gupta
1%
Guzman
1%
Herrera
1%
Hossain
1%
Hou
1%
Huo
1%
Ismail
1%
Issa
1%
Ivanova
1%
Jahan
1%
Jha
1%
Kato
1%
Kaur
1%
Khalil
1%
Khatun
1%
Kone
1%
Kumari
1%
Liao
1%
Mahmoud
1%
Malik
1%
Manuel
1%
Marques
1%
Mendoza
1%
Molina
1%
Molla
1%
Moore
1%
Morales
1%
Moussa
1%
Musa
1%
Mustafa
1%
Nakamura
1%
Navarro
1%
Ngo
1%
Niu
1%
Osman
1%
Patil
1%
Pinto
1%
Qian
1%
Qiao
1%
Qiu
1%
Rahman
1%
Reyes
1%
Ribeiro
1%
Rivera
1%
Rojas
1%
Romero
1%
Said
1%
Salazar
1%
Saleh
1%
Salem
1%
Santana
1%
Sari
1%
Shah
1%
Soto
1%
Souza
1%
Sultan
1%
Umar
1%
Usman
1%
Vargas
1%
Vasquez
1%
Xiang
1%
Xiao
1%
Xiong
1%
Xue
1%
Yadav
1%
Yusuf
1%
Zou
1%
Zuo
1%
Abdi
0%
Abdullahi
0%
Abubakar
0%
Adamu
0%
Akhtar
0%
Akhter
0%
Aliyu
0%
Almeida
0%
Alvarado
0%
Andrade
0%
Ansari
0%
Anwar
0%
Araujo
0%
Ashraf
0%
Aslam
0%
Aziz
0%
Bakhash
0%
Banda
0%
Bano
0%
Barbosa
0%
Barman
0%
Batista
0%
Bauri
0%
Begam
0%
Begum
0%
Behera
0%
Bello
0%
Biswas
0%
Cabrera
0%
Campos
0%
Cardoso
0%
Caudhari
0%
Chauhan
0%
Choe
0%
Chowdhury
0%
Contreras
0%
Cui
0%
de Conceicao
0%
de Jesus
0%
de Lima
0%
de Oliveira
0%
de Souza
0%
do Nascimento
0%
Duan
0%
Duong
0%
Dutta
0%
Espinoza
0%
Garba
0%
Ghosh
0%
Ghulam
0%
Gul
0%
Haji
0%
Hamid
0%
Haque
0%
Hoang
0%
Hossen
0%
Huynh
0%
Idris
0%
Ilunga
0%
Iqbal
0%
Jadhav
0%
Jiao
0%
Juma
0%
Khaled
0%
Khatoon
0%
Khaw
0%
Machado
0%
Mahato
0%
Mahto
0%
Majhi
0%
Mandal
0%
Medina
0%
Mehmood
0%
Mejia
0%
Miah
0%
Miao
0%
Miranda
0%
Mishra
0%
Mondal
0%
Moreira
0%
Mostafa
0%
Murmu
0%
Naik
0%
Nath
0%
Nawaz
0%
Nayak
0%
Ngoy
0%
Noor
0%
Nunes
0%
Pandey
0%
Paramar
0%
Paswan
0%
Patra
0%
Pawar
0%
Pradhan
0%
Prasad
0%
Quattara
0%
Quedraogo
0%
Ramadan
0%
Rana
0%
Rani
0%
Rashid
0%
Rathod
0%
Raut
0%
Rios
0%
Rocha
0%
Saeed
0%
Sani
0%
Sardar
0%
Sarkar
0%
Sayed
0%
Seikh
0%
Sekh
0%
Shaik
0%
Shaikh
0%
Sharma
0%
Shinde
0%
Solanki
0%
Solomon
0%
Sow
0%
Sultana
0%
Teixeira
0%
Tesfaye
0%
Thakor
0%
Thakur
0%
Truong
0%
Uddin
0%
Ullah
0%
Vieira
0%
Zaman
0%
Zhuang
0%
Keine übereinstimmenden Quizze gefunden
Verteilung der Resultate
Anzahl Personen mit jedem Resultat
Perzentil nach korrekt beantworteten Fragen
Ihre Resultats-Entwicklung
Sie haben dieses Quiz noch nicht gespielt